កំពូលវិសាល / (Record no. 1316)

MARC details
000 -LEADER
fixed length control field 01837nam a22002777a 4500
005 - DATE AND TIME OF LATEST TRANSACTION
control field 20251209081931.0
020 ## - INTERNATIONAL STANDARD BOOK NUMBER
International Standard Book Number 9789995054960
040 ## - CATALOGING SOURCE
Original cataloging agency FISKH
Language of cataloging eng
Transcribing agency FISKH
Modifying agency FISKH
082 ## - DEWEY DECIMAL CLASSIFICATION NUMBER
Classification number 510.71
100 ## - MAIN ENTRY--PERSONAL NAME
Personal name Arnaron, Kim
245 ## - TITLE STATEMENT
Title កំពូលវិសាល /
Statement of responsibility, etc. និពន្ធដោយ គីម​ អានអារុណ - គូរូបដោយ សេង វិសាល
250 ## - EDITION STATEMENT
Edition statement បោះពុម្ពលើកទី ៧ ខែ កញ្ញា ឆ្នាំ​ ២០២១
260 ## - PUBLICATION, DISTRIBUTION, ETC.
Place of publication, distribution, etc. Phnom Penh :
Name of publisher, distributor, etc. Sipar,
Date of publication, distribution, etc. 2021.
300 ## - PHYSICAL DESCRIPTION
Extent 40 pages :
Other physical details color illustrations ;
Dimensions 24 cm
490 ## - SERIES STATEMENT
Series statement ខ្ញុំចង់អាន
505 ## - FORMATTED CONTENTS NOTE
Formatted contents note P <br/>
520 ## - SUMMARY, ETC.
Summary, etc. វិសាល កំពូលដៃភ្លើងជើងមាន់ សម្បូរគំនិតប្លែកៗ។ តែគេក៏ត្រូវយាយស្ដីឳ្យគ្មានលោះថ្ងៃដែរ ព្រោះបំណងល្អរបស់គេតែងធ្វើឳ្យយាយឈឺក្បាលជានិច្ច។ ដើម្បីឳ្យយាយស្រលាញ់វិសាលបានបត់សត្វក្រៀលធ្វើជាកាំជ្រួចអោយយាយ។
520 ## - SUMMARY, ETC.
Summary, etc. Visal is the all thumb child who full of strange ideas. His grandmother always blame him, because his good intentions always give her a headache. To get a love from her, Visal turned the crane paper into a fireworks.
521 ## - TARGET AUDIENCE NOTE
Target audience note 650 <br/>
Source Lexile estimate <br/>
521 ## - TARGET AUDIENCE NOTE
Target audience note P <br/>
Source Raz-Plus <br/>
650 ## - SUBJECT ADDED ENTRY--TOPICAL TERM
Topical term or geographic name entry element ស្ដីបន្ទោស
Form subdivision ដៃភ្លើងជើងមាន់
General subdivision សត្វក្រៀល
Chronological subdivision អំណោយ
650 ## - SUBJECT ADDED ENTRY--TOPICAL TERM
Topical term or geographic name entry element Blame
Form subdivision all thumb
General subdivision Crane
Chronological subdivision Gift
700 ## - ADDED ENTRY--PERSONAL NAME
Personal name Visal, Seng
Titles and other words associated with a name illustrator
942 ## - ADDED ENTRY ELEMENTS (KOHA)
Source of classification or shelving scheme Dewey Decimal Classification
Koha item type Books
Suppress in OPAC No
999 ## -
-- 1316
-- 1316
Holdings
Withdrawn status Lost status Source of classification or shelving scheme Damaged status Not for loan Collection Home library Current library Shelving location Date acquired Total Checkouts Full call number Barcode Date last seen Date last checked out Copy number Price effective from Koha item type
    Dewey Decimal Classification     Khmer Language Books / សៀវភៅភាសាខ្មែរ Footprints International School Library Network Toul Kork Campus Footprints International School Library Network Toul Kork Campus TK Campus, Room B402, Khmer Book Case 16, Shelves 112-123 / ទូរសៀវភៅខ្មែរលេខ ១៦​ ធ្នើរ ១១២ ដល់ ១២៣ បន្ទប់ B402 សាខាទួលគោក 08/15/2023 1 ARN 510.71 2023-0261 11/21/2025 10/28/2025 1 08/15/2023 Khmer Books
    Dewey Decimal Classification     Khmer Language Books / សៀវភៅភាសាខ្មែរ Footprints International School Library Network Toul Kork Campus Footprints International School Library Network Toul Kork Campus TK Campus, Room B402, Khmer Book Case 16, Shelves 112-123 / ទូរសៀវភៅខ្មែរលេខ ១៦​ ធ្នើរ ១១២ ដល់ ១២៣ បន្ទប់ B402 សាខាទួលគោក 08/15/2023   ARN 510.71 2023-0262 08/15/2023   2 08/15/2023 Khmer Books
    Dewey Decimal Classification     Khmer Language Books / សៀវភៅភាសាខ្មែរ Footprints International School Library Network Toul Kork Campus Footprints International School Library Network Toul Kork Campus TK Campus, Room B402, Khmer Book Case 16, Shelves 112-123 / ទូរសៀវភៅខ្មែរលេខ ១៦​ ធ្នើរ ១១២ ដល់ ១២៣ បន្ទប់ B402 សាខាទួលគោក 08/15/2023   ARN 510.71 FISTK04002 10/10/2023   3 08/15/2023 Khmer Books
    Dewey Decimal Classification     Khmer Language Books / សៀវភៅភាសាខ្មែរ Footprints International School Library Network Toul Kork Campus Footprints International School Library Network Toul Kork Campus TK Old Khmer Books (Rear Hallway Shelf 3) 06/27/2024   ARN 510.71 FISTKG3A012 06/27/2024   4 06/27/2024 Khmer Books
    Dewey Decimal Classification     Khmer Language Books / សៀវភៅភាសាខ្មែរ Footprints International School Library Network Toul Kork Campus Footprints International School Library Network Toul Kork Campus TK Old Khmer Books (Rear Hallway Shelf 3) 06/27/2024   ARN 510.71 FISTK04001 06/27/2024   5 06/27/2024 Khmer Books
    Dewey Decimal Classification     Khmer Language Books / សៀវភៅភាសាខ្មែរ Footprints International School Library Network Toul Kork Campus Footprints International School Library Network Toul Kork Campus   06/27/2024   ARN 510.71 FIS072175 09/06/2024   6 06/27/2024 Khmer Books
    Dewey Decimal Classification     Khmer Language Books / សៀវភៅភាសាខ្មែរ Footprints International School Library Network Toul Tom Poung Campus Footprints International School Library Network Toul Tom Poung Campus TTP Primary Khmer Bookshelves 09/16/2025   ARN 510.71 FIS04561 09/16/2025   7 09/16/2025 Khmer Books
    Dewey Decimal Classification     Khmer Language Books / សៀវភៅភាសាខ្មែរ Footprints International School Library Network Toul Tom Poung Campus Footprints International School Library Network Toul Tom Poung Campus TTP Primary Khmer Bookshelves 12/08/2025   ARN 510.71 2025-5078 12/08/2025   8 12/08/2025 Khmer Books
    Dewey Decimal Classification     Khmer Language Books / សៀវភៅភាសាខ្មែរ Footprints International School Library Network Toul Tom Poung Campus Footprints International School Library Network Toul Tom Poung Campus TTP Primary Khmer Bookshelves 12/12/2025   ARN 510.71 2025-5123 12/12/2025   9 12/12/2025 Khmer Books